| 000 | 01067nam0a2200325 i 4500 | ||
|---|---|---|---|
| 001 | RU\NLR\BIBL_A\011180359 | ||
| 005 | 20240727032925.0 | ||
| 010 | _a9785447490683 | ||
| 021 |
_aRU _b2016-52722 _93363 |
||
| 035 | _a(NILC)RuMoRGB-008536980 | ||
| 035 | _a(NLR Aleph) 011180359 | ||
| 090 |
_a11815827 _c11815827 |
||
| 100 | _a20160722d2016 u y0rusy50 ca | ||
| 101 | 0 | _arus | |
| 102 | _aRU | ||
| 105 | _ay|||z|||000yy | ||
| 200 | 1 |
_aОткуда приходят люди в этот мир? _fС. Д. Добрунов |
|
| 210 |
_a[Б. м.] _cИздательские решения _d2016 |
||
| 215 |
_a318, [2] с. _d21 |
||
| 300 | _aСоздано в интеллектуальной издательской системе Ridero | ||
| 333 | _a18+ | ||
| 675 | _a821.161.1 | ||
| 686 | 2 | _aШ6(2=Р)8-44 | |
| 700 | 1 |
_aДобрунов _bС. Д. _gСергей Дмитриевич |
|
| 801 | 0 |
_aRU _bРГБ _c20160705 _gRCR |
|
| 942 | _cBOOK | ||
| 980 | _aNBR | ||